<?xml version="1.0" encoding="UTF-8"?>
<record
    xmlns:xsi="http://www.w3.org/2001/XMLSchema-instance"
    xsi:schemaLocation="http://www.loc.gov/MARC21/slim http://www.loc.gov/standards/marcxml/schema/MARC21slim.xsd"
    xmlns="http://www.loc.gov/MARC21/slim">

  <leader>00859nam1a22002291i 4500</leader>
  <controlfield tag="001">rc\3421502</controlfield>
  <controlfield tag="005">20240726020243.0</controlfield>
  <datafield tag="035" ind1=" " ind2=" ">
    <subfield code="a">(NLR Aleph) 007557808</subfield>
  </datafield>
  <datafield tag="090" ind1=" " ind2=" ">
    <subfield code="a">5270234</subfield>
    <subfield code="c">5270234</subfield>
  </datafield>
  <datafield tag="100" ind1=" " ind2=" ">
    <subfield code="a">20130115d1972    |||y0rusy50      ca</subfield>
  </datafield>
  <datafield tag="101" ind1="0" ind2=" ">
    <subfield code="a">rus</subfield>
  </datafield>
  <datafield tag="102" ind1=" " ind2=" ">
    <subfield code="a">RU</subfield>
  </datafield>
  <datafield tag="105" ind1=" " ind2=" ">
    <subfield code="a">y   z   |||||</subfield>
  </datafield>
  <datafield tag="200" ind1="1" ind2=" ">
    <subfield code="a">&#x420;&#x430;&#x441;&#x43F;&#x440;&#x435;&#x434;&#x435;&#x43B;&#x435;&#x43D;&#x438;&#x435; &#x43D;&#x430;&#x441;&#x435;&#x43B;&#x435;&#x43D;&#x438;&#x44F;, &#x438;&#x43C;&#x435;&#x44E;&#x449;&#x435;&#x433;&#x43E; &#x437;&#x430;&#x43D;&#x44F;&#x442;&#x438;&#x44F;, &#x43F;&#x43E; &#x43E;&#x442;&#x440;&#x430;&#x441;&#x43B;&#x44F;&#x43C; &#x43D;&#x430;&#x440;&#x43E;&#x434;&#x43D;&#x43E;&#x433;&#x43E; &#x445;&#x43E;&#x437;&#x44F;&#x439;&#x441;&#x442;&#x432;&#x430;, &#x43F;&#x440;&#x43E;&#x438;&#x437;&#x432;&#x43E;&#x434;&#x441;&#x442;&#x432;&#x430;&#x43C; &#x438; &#x432;&#x43E;&#x437;&#x440;&#x430;&#x441;&#x442;&#x443;...</subfield>
    <subfield code="e">&#x422;&#x430;&#x431;&#x43B;. &#x2116; 268</subfield>
    <subfield code="f">&#x412;&#x441;&#x435;&#x441;&#x43E;&#x44E;&#x437;. &#x43F;&#x435;&#x440;&#x435;&#x43F;&#x438;&#x441;&#x44C; &#x43D;&#x430;&#x441;&#x435;&#x43B;&#x435;&#x43D;&#x438;&#x44F; 1970 &#x433;.</subfield>
  </datafield>
  <datafield tag="210" ind1=" " ind2=" ">
    <subfield code="a">[&#x41C;&#x43E;&#x441;&#x43A;&#x432;&#x430;</subfield>
    <subfield code="c">&#x411;. &#x438;.</subfield>
    <subfield code="d">1972]</subfield>
  </datafield>
  <datafield tag="215" ind1=" " ind2=" ">
    <subfield code="d">40</subfield>
  </datafield>
  <datafield tag="309" ind1=" " ind2=" ">
    <subfield code="a">&#x411;&#x435;&#x437; &#x442;&#x438;&#x442;. &#x43B;. &#x438; &#x43E;&#x431;&#x43B;.</subfield>
  </datafield>
  <datafield tag="333" ind1=" " ind2=" ">
    <subfield code="a">&#x414;&#x43B;&#x44F; &#x441;&#x43B;&#x443;&#x436;&#x435;&#x431;&#x43D;&#x43E;&#x433;&#x43E; &#x43F;&#x43E;&#x43B;&#x44C;&#x437;&#x43E;&#x432;&#x430;&#x43D;&#x438;&#x44F;</subfield>
  </datafield>
  <datafield tag="801" ind1=" " ind2="0">
    <subfield code="a">RU</subfield>
    <subfield code="b">NLR</subfield>
    <subfield code="g">psbo</subfield>
  </datafield>
  <datafield tag="801" ind1=" " ind2="1">
    <subfield code="a">RU</subfield>
    <subfield code="b">ELAR</subfield>
    <subfield code="2">rusmarc</subfield>
  </datafield>
  <datafield tag="852" ind1=" " ind2=" ">
    <subfield code="a">NLR</subfield>
    <subfield code="j">72-50&#x41A;/3288</subfield>
  </datafield>
  <datafield tag="942" ind1=" " ind2=" ">
    <subfield code="c">BOOK</subfield>
  </datafield>
</record>
